000 00917nam a22002177a 4500
001 BD-DhSAU 1011
003 BD-DhSAU
005 20150110221528.0
008 150110b2006 bg a||||r|||| 00| 0 ben d
020 _a9848090266
040 _aBD-DhSAU
082 _222
_a৬৫৮.০৭২
_bখানব্য
100 _aখান, মু: আমীরুজ জামান।
245 _aব্যবহারিক গবেষণা পদ্ধতি /
_cমু: আমীরুজ জামান খান।
260 _aঢাকা :
_bবাংলাদেশ বিশ্ববিদ্যালয় মঞ্জুরী কমিশন ;
_c২০০৬.
300 _a৩২৪ পৃ. :
_bচিত্র ;
_c২২ সেমি.
504 _aগ্রন্থপুঞ্জি।
590 _ajoy
650 _aঅর্থনীতি।
650 _aগবেষণা পদ্ধতি।
942 _2ddc
_cBOOK
999 _c1011
_d1011